000 00417nam a2200133Ia 4500
008 220217s9999||||xx |||||||||||||| ||und||
020 _a81-7371-391-X
082 _a005.13 IWA
100 _aIwanska, Lucja, M and Shapiro, Stuart, C
_95411
245 0 _aNatural language processing and knowledge representation
260 _aUnivercity press
_bHyderabad
_c2001
300 _b495
650 _aPROGRAMMING LANGUAGE
999 _c176346
_d176346